[Event "EU-ch Blitz"]
[Site "Zagreb"]
[Date "2023.12.16"]
[Round "1"]
[White "Deac, Bogdan Daniel"]
[Black "Miletic, Josip"]
[Result "1-0"]
[WhiteElo "2690"]
[BlackElo "2131"]
[PlyCount "61"]
[EventDate "2023.12.16"]
[EventType "swiss (blitz)"]
[EventRounds "13"]
[EventCountry "CRO"]
[SourceTitle "CB51_2023"]
[SourceDate "2023.12.20"]
[SourceVersion "1"]
[SourceVersionDate "2023.12.20"]
[SourceQuality "1"]

1. b3 f6 2. d4 g6 3. h4 Nh6 4. e4 Nf7 5. h5 g5 6. Bb2 d6 7. d5 c6 8. Ne2 Nd7 9. Nd4 Nde5 10. Nc3 Bg7 11. Qd2 Qb6 12. 0-0-0 Bd7 13. Nce2 c5 14. Ne6 Bxe6 15. dxe6 Nd8 16. h6 Bf8 17. Nc3 Nxe6 18. Nd5 Qd8 19. Bb5+ Nc6 20. Qe2 a6 21. Qh5+ Kd7 22. Be2 Qe8 23. Qh3 Ncd8 24. Nb6+ Kc7 25. Nxa8+ Kb8 26. Nb6 Nf4 27. Qf3 e6 28. g3 Nxe2+ 29. Qxe2 Qc6 30. Nc4 Nf7 31. Bxf6 1-0

[Event "Osijek Baranja CupT 13th"]
[Site "Valpovo"]
[Date "2020.02.22"]
[Round "2.1"]
[White "Miletic, Josip"]
[Black "Huis, Dinko"]
[Result "0-1"]
[WhiteElo "2151"]
[BlackElo "2145"]
[PlyCount "68"]
[EventDate "2020.02.21"]
[EventType "team-swiss"]
[EventRounds "5"]
[EventCountry "CRO"]
[SourceTitle "EXT 2023"]
[Source "ChessBase"]
[SourceDate "2022.10.05"]
[SourceVersion "1"]
[SourceVersionDate "2022.10.05"]
[SourceQuality "1"]
[WhiteTeam "Nasice Slavonac"]
[BlackTeam "Belisce"]
[WhiteTeamCountry "CRO"]
[BlackTeamCountry "CRO"]

1. e4 c5 2. Nf3 d6 3. c3 Nf6 4. Be2 e5 5. 0-0 Be7 6. Re1 0-0 7. Bf1 Nc6 8. h3 a6 9. a4 Rb8 10. d4 b5 11. axb5 axb5 12. Na3 b4 13. Nc4 exd4 14. cxd4 d5 15. exd5 Nxd5 16. dxc5 Bxc5 17. Bd3 h6 18. Be4 Be6 19. b3 Nc3 20. Qc2 Nxe4 21. Qxe4 Nd4 22. Nxd4 Qxd4 23. Bf4 Qxf2+ 24. Kh1 Rbd8 25. Rad1 Bd5 26. Rxd5 Rxd5 27. Bh2 Qf5 28. Qe2 Qd3 29. Qa2 Rfd8 30. Qa4 Qf5 31. Qa1 Qc2 32. Bg1 Rd1 33. Qe5 Rxe1 34. Qxe1 Bxg1 0-1

[Event "CRO-chT2 Ost"]
[Site "Croatia"]
[Date "2015.10.25"]
[Round "10.13"]
[White "Miletic, Josip"]
[Black "Bubalovic, Davorin"]
[Result "1/2-1/2"]
[WhiteElo "2175"]
[BlackElo "2265"]
[PlyCount "61"]
[EventDate "2015.04.25"]
[EventType "team-tourn"]
[EventRounds "11"]
[EventCountry "CRO"]
[SourceTitle "EXT 2016"]
[Source "ChessBase"]
[SourceDate "2015.10.08"]
[SourceVersion "1"]
[SourceVersionDate "2015.10.08"]
[SourceQuality "1"]

1. e4 e5 2. Nf3 Nc6 3. Nc3 Nf6 4. Bc4 Be7 5. d4 d6 6. dxe5 Nxe5 7. Nxe5 dxe5 8. Qxd8+ Bxd8 9. Be3 c6 10. Bc5 Be7 11. Bxe7 Kxe7 12. f3 Be6 13. Bxe6 Kxe6 14. Ke2 Rhd8 15. Rhd1 Ke7 16. Ke3 Rxd1 17. Rxd1 Rd8 18. Rxd8 Kxd8 19. g3 Ke7 20. Na4 Nd7 21. c4 g6 22. b4 f5 23. c5 b6 24. cxb6 axb6 25. Nb2 b5 26. Nd3 Kd6 27. a3 Nb6 28. Nb2 Ke6 29. Kd3 Kd6 30. Ke3 Ke6 31. Kd3 1/2-1/2

[Event "CRO-CupT final"]
[Site "Sibenik"]
[Date "2015.05.22"]
[Round "4.13"]
[White "Miletic, Josip"]
[Black "Tomicic, Zvonimir"]
[Result "0-1"]
[WhiteElo "2190"]
[BlackElo "2190"]
[PlyCount "56"]
[EventDate "2015.05.20"]
[EventType "team-swiss"]
[EventRounds "6"]
[EventCountry "CRO"]
[SourceTitle "CBM 166 Extra"]
[Source "ChessBase"]
[SourceDate "2015.06.18"]
[SourceVersion "1"]
[SourceVersionDate "2015.06.18"]
[SourceQuality "1"]
[WhiteTeam "Nasice Slavonac"]
[BlackTeam "Osijek ETF"]
[WhiteTeamCountry "CRO"]
[BlackTeamCountry "CRO"]

1. e4 g6 2. d4 Bg7 3. Nf3 d6 4. Bc4 e6 5. 0-0 Ne7 6. Bg5 h6 7. Be3 0-0 8. Qd2 Kh7 9. Nc3 Nd7 10. Rad1 a6 11. a4 c6 12. d5 cxd5 13. exd5 e5 14. Ne1 Nf5 15. Nd3 Nxe3 16. Qxe3 f5 17. b4 Qc7 18. Nb2 Nb6 19. Bb3 e4 20. Rd4 Bxd4 21. Qxd4 Nd7 22. Nc4 Nf6 23. Nb6 Rb8 24. Ne2 g5 25. c4 Kg6 26. c5 Ng4 27. Nc4 dxc5 28. bxc5 Qxh2# 0-1

[Event "CRO-chT2 East"]
[Site "Croatia"]
[Date "2014.04.26"]
[Round "2.44"]
[White "Miletic, Josip"]
[Black "Tomerlin, Sinisa"]
[Result "0-1"]
[WhiteElo "2217"]
[BlackElo "2242"]
[PlyCount "86"]
[EventDate "2014.04.26"]
[EventType "team-tourn"]
[EventRounds "11"]
[EventCountry "CRO"]
[SourceTitle "EXT 2019"]
[Source "ChessBase"]
[SourceDate "2018.10.10"]
[SourceVersion "1"]
[SourceVersionDate "2018.10.10"]
[SourceQuality "1"]

1. e4 d6 2. Nf3 g6 3. Bc4 Bg7 4. 0-0 Nf6 5. e5 dxe5 6. Nxe5 0-0 7. d4 Nbd7 8. f4 Nb6 9. Bb3 a5 10. c3 Bf5 11. Nd2 a4 12. Bc2 Qc8 13. Re1 Nfd5 14. Ne4 a3 15. Bb3 axb2 16. Bxb2 Nxf4 17. Qf3 Nfd5 18. Nc5 c6 19. g4 Bxe5 20. gxf5 Bd6 21. c4 Nf6 22. fxg6 hxg6 23. Ne4 Qg4+ 24. Qxg4 Nxg4 25. h3 Nh2 26. Kg2 Bc7 27. Nc5 e6 28. Nxb7 Rfb8 29. Nc5 Nxc4 30. Bc3 Nb6 31. Ne4 Nd5 32. Bd2 Ra3 33. Rab1 Nb4 34. Bxb4 Rxb4 35. Rbd1 Rbxb3 36. axb3 Rxb3 37. Rb1 Rd3 38. Rbd1 Nf3 39. Rh1 Nh4+ 40. Kf2 Rf3+ 41. Ke2 Rf4 42. Nc5 Nf5 43. Rhf1 Ng3+ 0-1

[Event "CRO-chT qual"]
[Site "Nasice"]
[Date "2013.11.30"]
[Round "2"]
[White "Miletic, Josip"]
[Black "Savic, Miroslav"]
[Result "0-1"]
[WhiteElo "2233"]
[BlackElo "2251"]
[PlyCount "180"]
[EventDate "2013.11.30"]
[EventType "team-tourn"]
[EventRounds "3"]
[EventCountry "CRO"]
[SourceTitle "CBM 157 Extra"]
[Source "ChessBase"]
[SourceDate "2013.12.19"]
[SourceVersion "1"]
[SourceVersionDate "2013.12.19"]
[SourceQuality "1"]

1. e4 c5 2. Nf3 d6 3. c3 Nf6 4. Be2 e6 5. 0-0 Be7 6. Re1 0-0 7. Bf1 Nbd7 8. d4 b6 9. Nbd2 Bb7 10. b3 Rc8 11. Bb2 cxd4 12. cxd4 Qc7 13. Bd3 Qb8 14. Rc1 Rxc1 15. Qxc1 Rc8 16. Qb1 g6 17. Nc4 Nh5 18. Ne3 Nf4 19. Bf1 Qa8 20. Nd2 d5 21. g3 Bb4 22. Rd1 Nh5 23. e5 Ng7 24. Qd3 Rc7 25. a3 Bf8 26. b4 a6 27. g4 f6 28. f4 Qd8 29. Bg2 Be7 30. Rf1 f5 31. h3 Qc8 32. Nb3 Bc6 33. Rc1 Ba4 34. Rxc7 Qxc7 35. Nd2 b5 36. Qc3 Qxc3 37. Bxc3 Nb6 38. Kf1 fxg4 39. hxg4 h5 40. f5 gxf5 41. gxf5 Nxf5 42. Nxf5 exf5 43. Kf2 Bd1 44. Nf1 Bh4+ 45. Ke3 Bg5+ 46. Kf2 Kf7 47. Ne3 Bxe3+ 48. Kxe3 Ke6 49. Bf1 h4 50. Be1 h3 51. Bxh3 Nc4+ 52. Kf4 Bc2 53. Bf1 Nxa3 54. Ke3 Be4 55. Kd2 Nc2 56. Bf2 Nxb4 57. Kc3 Nc6 58. Be2 f4 59. Bg4+ Bf5 60. Bh5 Kd7 61. Bf7 Be6 62. Bg6 Kc7 63. Be8 Kb6 64. Bxc6 Kxc6 65. Be1 a5 66. Kd3 b4 67. Bd2 Bf5+ 68. Ke2 Bg4+ 69. Kd3 f3 70. Ke3 Kb5 71. e6 Bxe6 72. Kxf3 Kc4 73. Ke3 a4 74. Bc1 a3 75. Kd2 Kxd4 76. Kc2 Kc4 77. Kb1 Bf5+ 78. Ka2 Bc2 79. Bd2 Kb5 80. Be3 Kc4 81. Bd2 d4 82. Be1 Kb5 83. Bf2 d3 84. Be1 Ka4 85. Ka1 b3 86. Bc3 b2+ 87. Bxb2 d2 88. Ka2 Bb3+ 89. Kb1 d1Q+ 90. Bc1 Kb5 0-1

[Event "CRO-chT Cup 22nd"]
[Site "Bol"]
[Date "2013.05.24"]
[Round "4.72"]
[White "Miletic, Josip"]
[Black "Boban, Sten"]
[Result "1-0"]
[WhiteElo "2227"]
[BlackElo "1974"]
[PlyCount "49"]
[EventDate "2013.05.22"]
[EventType "team"]
[EventRounds "6"]
[EventCountry "CRO"]
[SourceTitle "CBM 154 Extra"]
[Source "ChessBase"]
[SourceDate "2013.06.25"]
[SourceVersion "2"]
[SourceVersionDate "2013.06.25"]
[SourceQuality "1"]
[WhiteTeam "Nasice Slavonac"]
[BlackTeam "Nova Gradiska"]
[WhiteTeamCountry "CRO"]
[BlackTeamCountry "CRO"]

1. Nf3 Nf6 2. d3 d5 3. Nbd2 Bf5 4. g3 Nbd7 5. Bg2 e5 6. 0-0 Bd6 7. c4 c6 8. cxd5 cxd5 9. a3 0-0 10. Nh4 Bg4 11. h3 Bh5 12. Nf5 Bc7 13. Nf3 h6 14. N3h4 Qe8 15. Bd2 Qe6 16. Qc1 Rfc8 17. Bxh6 Ne8 18. Qg5 Bg6 19. Bxd5 Qf6 20. Nxg6 Kh7 21. Nge7 Bd8 22. Be4 g6 23. Nxc8 Rxc8 24. Qxf6 Bxf6 25. Be3 1-0